|
|
|
|
| LEADER |
00000cam a2200000 7i4500 |
| 001 |
0000018425 |
| 005 |
20071210.0 |
| 040 |
|
|
|a INS
|
| 090 |
0 |
0 |
|a J96
|
| 110 |
2 |
|
|a Kursus perundangan harta tanah siri 1 & 2
|k 2006 23 - 26 Januari
|c INSPEN, Bangi
|
| 245 |
0 |
0 |
|a Kursus perundangan harta tanah siri 1 & 2 :
|b 23 -26 Januari 2006
|c Anjuran Program Penilaian dan Perkhidmatan Harta INSPEN
|
| 260 |
|
|
|a Bangi :
|b Institut Penilaian Negara ,
|c 2006
|
| 300 |
|
|
|a 1 v. (Mukasurat pelbagai) :
|b ill, pic ;
|c 30 cm.
|
| 650 |
0 |
0 |
|a Real property
|x Law and legislation
|z Malaysia
|
| 650 |
0 |
0 |
|a Real property
|x Valuation
|
| 710 |
1 |
|
|a INSPEN (Institut Penilaian Negara)
|
| 856 |
|
|
|u http://app.inspen.gov.my:7779/pls/portal/docs/PAGE/CORPORATEPAGES/PORTAL_INSPEN/NOTA_KURSUS/JJ/P)%20KURSUS%20PERUNDANGAN%20HARTA%20TANAH%20SIRI%202.PDF
|
| 999 |
|
|
|a J000000164
|b BOOK
|c Course Notes
|e Default branch
|
| 999 |
|
|
|a J000000165
|b BOOK
|c Course Notes
|e Default branch
|
| 999 |
|
|
|a J000000169
|b BOOK
|c Course Notes
|e Default branch
|